Normal view
MARC view
Entry Topical Term
001 - CONTROL NUMBER
- control field: 260
003 - CONTROL NUMBER IDENTIFIER
- control field: OSt
005 - DATE AND TIME OF LATEST TRANSACTION
- control field: 20110407163523.0
008 - FIXED-LENGTH DATA ELEMENTS
- fixed length control field: 110407|||a|||||| | ||| d
040 ## - CATALOGING SOURCE
- Original cataloging agency: OSt
- Transcribing agency: OSt
150 ## - HEADING--TOPICAL TERM
- Topical term or geographic name as entry element: Human rights
- General subdivision: Moral and ethical aspects.
670 ## - SOURCE DATA FOUND
- Source citation: Work cat.: (OSt)95: Steiner, Henry J. 258, International human rights in context :, 2008.
